| 000 | 00495nam a2200193Ia 4500 | ||
|---|---|---|---|
| 003 | GCL | ||
| 005 | 20240530095933.0 | ||
| 008 | 140319s9999 xx 000 0 eng d | ||
| 040 |
_aGCL / _cGCL |
||
| 082 | 0 | 4 |
_a759 _bR P |
| 100 | 1 | _aROMBAUT, MARC | |
| 245 | 1 | 0 |
_aPAUL DELVAUX / _cROMBAUT, MARC |
| 260 |
_a[S.N] : _bACADEMY EDITIONS ، _c1990 |
||
| 300 | _a128P | ||
| 650 | 0 | 4 | _aMODERN PAINTINGS |
| 650 | 0 | 4 | _aDALVAUX, PAUL (1897-1990) |
| 650 | 0 | 4 | _aPAINTERS AND PAINTINGS |
| 942 |
_2ddc _cBK |
||
| 999 |
_c12283 _d12283 |
||